000
00295nam a22001337a 4500
003
SGT
020
_a
9788196155957
082
_a
428,SIV
100
_a
SIVAKUMAR, D.
245
_a
LANGUAGE ACROSS THE CURRICULUM
260
_a
JAIPUR
_b
POINTER PUBLISHARS
_c
2023
300
_a
176
942
_2
ddc
_c
BK
999
_c
33850
_d
33850